Sports Quiz

Random Sports or Baseball Quiz

MLB Kenny Lofton Teams Quiz Stats

 Plays Quiz Updated Oct 18, 2018

Score 0/11 Timer 01:00
5 Plays Today
Year Team % Correct
1992-1996, 1998-2001, & 2007Cleveland Indians
91%
2004New York Yankees
89.6%
2002Chicago White Sox
68.9%
1997Atlanta Braves
64.8%
2006Los Angeles Dodgers
59.5%
2003Chicago Cubs
59%
2002San Francisco Giants
55.5%
2007Texas Rangers
48.5%
2005Philadelphia Phillies
40.1%
1991Houston Astros
38%
2003Pittsburgh Pirates
36.8%

You're not logged in!

Compare scores with friends on all Sporcle quizzes.
OR
Log In

Sporcle TV

Today on Sporcle TV


Watch our educational content, quiz creation guides, and fun videos on Sporcle TV.

Show Comments

Extras

Top Quizzes Today


Score Distribution

Your Account Isn't Verified!

In order to create a playlist on Sporcle, you need to verify the email address you used during registration. Go to your Sporcle Settings to finish the process.

Report this User

Report this user for behavior that violates our Community Guidelines.

Details: